| 000 | 00874na a2200277 4500 | ||
|---|---|---|---|
| 001 | 23849 | ||
| 003 | MIRAKIL | ||
| 005 | 20181213155258.0 | ||
| 008 | 180105b tu 000 0 | ||
| 020 | _a9789751964885 | ||
| 040 |
_aMilas _btur _cTR-AnCHP |
||
| 041 | _atur | ||
| 082 |
_a819.12 _bA95a 2015 |
||
| 090 | _a819.12 A95a 2015 | ||
| 100 | _aAziz Mahmud Hüda'i | ||
| 245 |
_aAziz Mahmûd Hüdâyî dîvânı _cAziz Mahmûd Hüdâyî ; hazırlayan H. Kamil Yılmaz |
||
| 260 |
_aAnkara _bDiyanet İşleri Başkanlığı (DİB) _c2015 _fGökçe Ofset |
||
| 300 |
_a424 s. _c17 sm. |
||
| 440 |
_aDiyanet İşleri Başkanlığı Yayınları _v1200 |
||
| 490 |
_aEdebi eserler _v33 |
||
| 504 | _aKaynakça var. | ||
| 650 |
_aEdebiyat _xDivan şiiri |
||
| 700 |
_aYılmaz, H. Kamil _ehaz. |
||
| 710 | _aDiyanet İşleri Başkanlığı (DİB) | ||
| 942 |
_2dcc _cBKS |
||
| 999 |
_c9860 _d9860 |
||